Loading...
Science - Biology | 0 | 10 | 0 | 3 | 100 | 35 | 73.60 | 0 | 2 |
Science - Chemistry | 0 | 7 | 1 | 1 | 65 | 49 | 83.14 | 0 | 1 |
Literature - European Literature | 0 | 6 | 0 | 1 | 60 | 101 | 113.33 | 0 | 0 |
Literature - British Literature | 0 | 3 | 0 | 0 | 30 | 100 | 109.00 | 0 | 0 |
Literature - American Literature | 0 | 3 | 0 | 0 | 30 | 65 | 97.00 | 0 | 1 |
Religion | 0 | 2 | 0 | 0 | 20 | 58 | 59.00 | 0 | 1 |
Literature - World Literature | 0 | 2 | 0 | 0 | 20 | 86 | 104.00 | 0 | 0 |
Fine Arts - Classical Music | 0 | 3 | 2 | 1 | 20 | 71 | 90.00 | 0 | 2 |
History - Other History | 0 | 2 | 1 | 1 | 15 | 87 | 100.00 | 0 | 0 |
History - World History | 0 | 2 | 1 | 1 | 15 | 60 | 81.00 | 0 | 1 |
Science - Physics | 0 | 1 | 0 | 1 | 10 | 105 | 105.00 | 0 | 0 |
Fine Arts - Other Fine Arts | 0 | 1 | 0 | 1 | 10 | 124 | 124.00 | 0 | 0 |
Geography | 0 | 1 | 0 | 0 | 10 | 90 | 90.00 | 0 | 0 |
History - European History | 0 | 1 | 0 | 0 | 10 | 107 | 107.00 | 0 | 0 |
Philosophy | 0 | 1 | 0 | 1 | 10 | 101 | 101.00 | 0 | 0 |
Pop Culture | 0 | 1 | 0 | 0 | 10 | 49 | 49.00 | 0 | 1 |
Current Events | 0 | 1 | 0 | 0 | 10 | 92 | 92.00 | 0 | 0 |
History - American History | 0 | 1 | 1 | 1 | 5 | 94 | 94.00 | 0 | 0 |
Painting/Sculpture | 0 | 0 | 0 | 0 | 0 | 0.00 | 0 | 0 | |
Science - Other Science | 0 | 0 | 1 | 0 | -5 | 0.00 | 0 | 0 |